<?xml version="1.0" encoding="UTF-8"?>
<record
    xmlns:xsi="http://www.w3.org/2001/XMLSchema-instance"
    xsi:schemaLocation="http://www.loc.gov/MARC21/slim http://www.loc.gov/standards/marcxml/schema/MARC21slim.xsd"
    xmlns="http://www.loc.gov/MARC21/slim">

  <leader>01906nam a22002417a 4500</leader>
  <controlfield tag="001">9164</controlfield>
  <controlfield tag="003">FISKH</controlfield>
  <controlfield tag="005">20251126122725.0</controlfield>
  <controlfield tag="008">251126b        cb ||||| |||| 00| 0 eng d</controlfield>
  <datafield tag="020" ind1=" " ind2=" ">
    <subfield code="a">9789995001292</subfield>
  </datafield>
  <datafield tag="040" ind1=" " ind2=" ">
    <subfield code="a">FISKH</subfield>
    <subfield code="b">khr</subfield>
    <subfield code="c">FISKH</subfield>
    <subfield code="d">FISKH</subfield>
  </datafield>
  <datafield tag="082" ind1=" " ind2=" ">
    <subfield code="a">507</subfield>
  </datafield>
  <datafield tag="100" ind1=" " ind2=" ">
    <subfield code="a">Kimsan, Eung</subfield>
  </datafield>
  <datafield tag="245" ind1=" " ind2=" ">
    <subfield code="a">&#x179C;&#x17B7;&#x1791;&#x17D2;&#x1799;&#x17B6;&#x179F;&#x17B6;&#x179F;&#x17D2;&#x179A;&#x17D2;&#x178F; &#x1790;&#x17D2;&#x1793;&#x17B6;&#x1780;&#x17CB;&#x1791;&#x17B8; &#x17E5; / </subfield>
    <subfield code="c">&#x1782;&#x178E;:&#x1780;&#x1798;&#x17D2;&#x1798;&#x1780;&#x17B6;&#x179A;&#x1793;&#x17B7;&#x1796;&#x1793;&#x17D2;&#x1792; &#x179B;&#x17C4;&#x1780;&#x179F;&#x17D2;&#x179A;&#x17B8; &#x17A2;&#x17BB;&#x17B9;&#x1784; &#x1782;&#x17B9;&#x1798;&#x179F;&#x17B6;&#x1793; ,&#x200B; &#x179B;&#x17C4;&#x1780; &#x1796;&#x17D2;&#x179A;&#x17A0;&#x17D2;&#x1798; &#x178F;&#x17B6;&#x179A;&#x17B7;&#x1791;&#x17D2;&#x1792; , &#x179B;&#x17C4;&#x1780;&#x179F;&#x17D2;&#x179A;&#x17B8;&#x200B; &#x1790;&#x17B6;&#x1785;&#x17CB; &#x1792;&#x17B8;&#x179F;&#x17B6;&#x179A;&#x17C9;&#x1793; &#x1793;&#x17B7;&#x1784; &#x179B;&#x17C4;&#x1780; &#x1782;&#x17D2;&#x179A;&#x17BD;&#x1785; &#x179F;&#x17BB;&#x1781;&#x17B6; </subfield>
  </datafield>
  <datafield tag="260" ind1=" " ind2=" ">
    <subfield code="a">&#x1797;&#x17D2;&#x1793;&#x17C6;&#x1796;&#x17C1;&#x1789; :</subfield>
    <subfield code="b">&#x1782;&#x17D2;&#x179A;&#x17B9;&#x17C7;&#x179F;&#x17D2;&#x1790;&#x17B6;&#x1793;&#x1794;&#x17C4;&#x17C7;&#x1796;&#x17BB;&#x1798;&#x17D2;&#x1796;&#x1793;&#x17B7;&#x1784;&#x1785;&#x17C2;&#x1780;&#x1795;&#x17D2;&#x179F;&#x17B6;&#x1799; ,</subfield>
    <subfield code="c">&#x17E2;&#x17E0;&#x17E2;&#x17E1; . </subfield>
  </datafield>
  <datafield tag="300" ind1=" " ind2=" ">
    <subfield code="a">124 pages : </subfield>
    <subfield code="b">illustrations ; </subfield>
    <subfield code="c">25 cm . </subfield>
  </datafield>
  <datafield tag="520" ind1=" " ind2=" ">
    <subfield code="a">&#x1782;&#x178E;:&#x1780;&#x1798;&#x17D2;&#x1798;&#x1780;&#x17B6;&#x179A;&#x1793;&#x17B7;&#x1796;&#x1793;&#x17D2;&#x1792;&#x1794;&#x1784;&#x17D2;&#x1780;&#x17BE;&#x178F;&#x179F;&#x17C0;&#x179C;&#x1797;&#x17C5;&#x1793;&#x17C1;&#x17C7;&#x17A1;&#x17BE;&#x1784;&#x1798;&#x17B6;&#x1793;&#x1782;&#x17C4;&#x179B;&#x1794;&#x17C6;&#x178E;&#x1784;&#x1785;&#x17BC;&#x179B;&#x179A;&#x17BD;&#x1798;&#x179B;&#x17BE;&#x1780;&#x1780;&#x17C6;&#x1796;&#x179F;&#x17CB;&#x1782;&#x17BB;&#x178E;&#x1797;&#x17B6;&#x1796;&#x17A2;&#x1794;&#x17CB;&#x179A;&#x17C6; &#x178A;&#x17C4;&#x1799;&#x1792;&#x17D2;&#x179C;&#x17BE;&#x1799;&#x17C9;&#x17B6;&#x1784;&#x178E;&#x17B6;&#x17A2;&#x17C4;&#x1799;&#x179F;&#x17B7;&#x179F;&#x17D2;&#x179F;&#x1799;&#x179B;&#x17CB;&#x178A;&#x17B9;&#x1784;&#x1796;&#x17B8;&#x1794;&#x17B6;&#x178F;&#x17BB;&#x1797;&#x17BC;&#x178F;&#x1791;&#x17B6;&#x17C6;&#x1784;&#x17A1;&#x17B6;&#x1799;&#x1793;&#x17C3;&#x179C;&#x17B7;&#x1791;&#x17D2;&#x1799;&#x17B6;&#x179F;&#x17B6;&#x179F;&#x17D2;&#x179A;&#x17D2;&#x178F;&#x1785;&#x17C1;&#x17C7;&#x178A;&#x17C4;&#x17C7;&#x179F;&#x17D2;&#x179A;&#x17B6;&#x1799;&#x1794;&#x1796;&#x17D2;&#x17A0;&#x17B6; &#x1793;&#x17B7;&#x1784;&#x179F;&#x17D2;&#x179A;&#x17B6;&#x179C;&#x1787;&#x17D2;&#x179A;&#x17B6;&#x179C; &#x178A;&#x17BE;&#x1798;&#x17D2;&#x1794;&#x17B8;&#x17A2;&#x17C4;&#x1799;&#x1799;&#x179B;&#x17CB;&#x1780;&#x17B6;&#x1793;&#x17CB;&#x178F;&#x17C2;&#x1785;&#x17D2;&#x1794;&#x17B6;&#x179F;&#x17CB;&#x1796;&#x17B8;&#x1794;&#x1789;&#x17D2;&#x1789;&#x178F;&#x17D2;&#x178F;&#x17B7;&#x179C;&#x17B7;&#x1791;&#x17D2;&#x1799;&#x17B6;&#x179F;&#x17B6;&#x179F;&#x17D2;&#x179A;&#x17D2;&#x178F; &#x17D4; </subfield>
  </datafield>
  <datafield tag="520" ind1=" " ind2=" ">
    <subfield code="a">&#x201C;The committee that authored this book aims to contribute to enhancing the quality of education by helping students understand various scientific phenomena, solve problems, and conduct research, so that they gain a clearer understanding of scientific principles.&#x201D;</subfield>
  </datafield>
  <datafield tag="700" ind1=" " ind2=" ">
    <subfield code="a">Cheat , Ton </subfield>
    <subfield code="e">Illustrator </subfield>
  </datafield>
  <datafield tag="700" ind1=" " ind2=" ">
    <subfield code="a">Seurm , Kakada </subfield>
    <subfield code="e">Illustrator </subfield>
  </datafield>
  <datafield tag="942" ind1=" " ind2=" ">
    <subfield code="2">ddc</subfield>
    <subfield code="c">KHB</subfield>
    <subfield code="n">0</subfield>
  </datafield>
  <datafield tag="999" ind1=" " ind2=" ">
    <subfield code="c">9164</subfield>
    <subfield code="d">9164</subfield>
  </datafield>
  <datafield tag="952" ind1=" " ind2=" ">
    <subfield code="0">0</subfield>
    <subfield code="1">0</subfield>
    <subfield code="2">ddc</subfield>
    <subfield code="4">0</subfield>
    <subfield code="7">0</subfield>
    <subfield code="8">REF</subfield>
    <subfield code="a">002</subfield>
    <subfield code="b">002</subfield>
    <subfield code="c">LSHTTP</subfield>
    <subfield code="d">2025-11-26</subfield>
    <subfield code="l">0</subfield>
    <subfield code="o">KIM 507</subfield>
    <subfield code="p">2025-4914</subfield>
    <subfield code="r">2025-11-26 12:27:22</subfield>
    <subfield code="w">2025-11-26</subfield>
    <subfield code="y">KHB</subfield>
  </datafield>
</record>
